Aké náležitosti má mať nájomná zmluva

Všeobecnú úpravu nájomnej zmluvy obsahuje par. 663 a nasl. Občianskeho zákonníka. Formálne a obsahové náležitosti nájomnej zmluvy. Práva a povinnosti zmluvných strán. Zodpovednosť za porušenie nájomnej zmluvy. Zánik nájomnej zmluvy. Vzorový príklad.

Gespeichert in:
Bibliographische Detailangaben
1. Verfasser: Feketeová, Anna
Format: Buchkapitel
Sprache:Slowakisch
Schlagworte:
Tags: Tag hinzufügen
Keine Tags, Fügen Sie das erste Tag hinzu!

MARC

LEADER 00000naa a2200000 4500
001 r035173
005 20230911130429.3
041 0 |a slo 
044 |a SK 
245 1 0 |a Aké náležitosti má mať nájomná zmluva  |c Anna Feketeová 
520 |a Všeobecnú úpravu nájomnej zmluvy obsahuje par. 663 a nasl. Občianskeho zákonníka. Formálne a obsahové náležitosti nájomnej zmluvy. Práva a povinnosti zmluvných strán. Zodpovednosť za porušenie nájomnej zmluvy. Zánik nájomnej zmluvy. Vzorový príklad. 
610 2 0 |a zmluvy nájomné 
610 2 0 |a prenájom zmluvný 
610 2 0 |a nájomné 
610 2 0 |a zákonník občiansky 
610 2 0 |a kontrolóri 
610 2 0 |a poistenie 
610 2 0 |a sankcie hmotné 
610 2 0 |a služby 
610 2 0 |a priestory nebytové 
100 1 |a Feketeová, Anna